States With the Most NBA Players - Statistics

General Stats
  • This quiz has been taken 38 times
  • The average score is 9 of 10
Answer Stats
# State % Correct
442 California
100%
210 Texas
100%
438 New York
96%
205 Ohio
93%
170 Michigan
89%
300 Illinois
86%
149 North Carolina
82%
249 Pennsylvania
75%
152 New Jersey
71%
173 Indiana
68%
No matching quizzes found
Score Distribution
Percent of People with Each Score
Percentile by Number Answered
Your Score History
You have not taken this quiz